| 000 | 00816cam a2200241 a 4500 | ||
|---|---|---|---|
| 001 | 000008069 | ||
| 005 | 20200929154423.0 | ||
| 008 | 891011s1983 sp 000 f spa | ||
| 020 | _a8432070173 | ||
| 040 |
_aDO-SdBNP _cDLC _dDLC |
||
| 082 |
_a863.6 _bO42g |
||
| 100 | 1 |
_aOlaizola, José Luis. _921977 |
|
| 245 | 1 | 3 |
_aLa guerra del general Escobar : _bnovela / _cJosé Luis Olaizola. |
| 260 |
_aBarcelona, España : _bPlaneta, _c1983. |
||
| 300 |
_a215 p. ; _c19 cm. |
||
| 490 | 1 | _aAutores españoles e hispanoamericanos | |
| 586 | _aPremio editorial Planeta, 1983. | ||
| 650 | 4 |
_aNovela española _91123 |
|
| 650 | 4 |
_aLiteratura española _9632 |
|
| 651 | 4 |
_aEspaña _xHistoria _xGuerra Civil, 1936-1939 _918563 |
|
| 830 | 0 |
_aAutores españoles e hispanoamericanos. _95042 |
|
| 910 | _aCatalogación por copia / LC | ||
| 999 |
_c7846 _d7846 |
||